[Event "GER-ch U14 Girls"]
[Site "Willingen"]
[Date "2016.05.19"]
[Round "7"]
[White "Flach, Helene"]
[Black "Kukulina, Sonja"]
[Result "1/2-1/2"]
[WhiteElo "1702"]
[BlackElo "1532"]
[PlyCount "111"]
[EventDate "2016.05.15"]
[EventType "swiss"]
[EventRounds "9"]
[EventCountry "GER"]
[SourceTitle "CBM 172 Extra"]
[Source "ChessBase"]
[SourceDate "2016.06.21"]
[SourceVersion "1"]
[SourceVersionDate "2016.06.21"]
[SourceQuality "1"]

1. e4 e5 2. Nf3 Nc6 3. Bb5 a6 4. Ba4 d6 5. c3 Nf6 6. d4 Bg4 7. d5 b5 8. Bc2 Na7 9. a4 c6 10. dxc6 Nxc6 11. axb5 axb5 12. Rxa8 Qxa8 13. h3 Be6 14. Nbd2 Be7 15. 0-0 0-0 16. Re1 Rc8 17. Ng5 h6 18. Nxe6 fxe6 19. Bb3 Kf7 20. Bc2 Rd8 21. Nf3 Qb8 22. b3 d5 23. exd5 exd5 24. Qe2 Bd6 25. Nh4 b4 26. c4 Nd4 27. Bg6+ Kf8 28. Qd3 dxc4 29. Qxc4 Qc7 30. Bd3 Qxc4 31. Bxc4 Nd7 32. f4 Ke7 33. fxe5 Nxe5 34. Ng6+ Kf6 35. Nxe5 Bxe5 36. Rf1+ Ke7 37. Be3 Bf6 38. Bf4 Ra8 39. Re1+ Kd7 40. Rd1 Kc6 41. Rc1 g5 42. Bd2 Be7 43. Be3 Bc5 44. Bf2 Ra3 45. Kf1 Kb6 46. Bd5 Nxb3 47. Bxb3 Bxf2 48. Bd5 Bc5 49. Ke2 Rc3 50. Rxc3 bxc3 51. Kd3 Bb4 52. Kc2 Kc5 53. Bf3 Kd4 54. Bb7 h5 55. Bf3 h4 56. Bb7 1/2-1/2

[Event "GER-ch U14 Girls"]
[Site "Willingen"]
[Date "2016.05.15"]
[Round "1"]
[White "Kukulina, Sonja"]
[Black "Moenster, Madita"]
[Result "0-1"]
[WhiteElo "1532"]
[BlackElo "1737"]
[PlyCount "78"]
[EventDate "2016.05.15"]
[EventType "swiss"]
[EventRounds "9"]
[EventCountry "GER"]
[SourceTitle "CBM 172 Extra"]
[Source "ChessBase"]
[SourceDate "2016.06.21"]
[SourceVersion "1"]
[SourceVersionDate "2016.06.21"]
[SourceQuality "1"]

1. e4 c5 2. Nf3 d6 3. d4 cxd4 4. Nxd4 Nf6 5. Nc3 Nc6 6. Be3 e5 7. Ndb5 a6 8. Na3 b5 9. Nd5 Rb8 10. c4 b4 11. Nb1 Nxe4 12. Nd2 Nxd2 13. Qxd2 Be6 14. Rc1 a5 15. g3 Ne7 16. Bb6 Rxb6 17. Nxb6 Qxb6 18. Bg2 Nf5 19. a3 Nd4 20. Qd3 Be7 21. 0-0 0-0 22. Rfe1 Bg5 23. Rb1 Rc8 24. axb4 Bxc4 25. Qd1 axb4 26. Qg4 Ne6 27. b3 Bd3 28. Rb2 Qd4 29. Qxd4 Nxd4 30. Kh1 Rc2 31. Rxc2 Bxc2 32. Bd5 Bxb3 33. Bxb3 Nxb3 34. Rb1 Nc5 35. Rxb4 Kf8 36. Kg2 Ke7 37. Rg4 Bf6 38. Kf3 e4+ 39. Ke3 h5 0-1

[Event "Landesliga U20 Sued 1516"]
[Site "Bayern"]
[Date "2015.11.21"]
[Round "1.4"]
[White "Kukulina, Sonja"]
[Black "Kerkhoff, Jan"]
[Result "1/2-1/2"]
[WhiteElo "1521"]
[BlackElo "1745"]
[PlyCount "98"]
[EventDate "2015.11.21"]
[EventType "team-tourn"]
[EventRounds "7"]
[EventCountry "GER"]
[SourceTitle "EXT 2022"]
[Source "ChessBase"]
[SourceDate "2021.10.06"]
[SourceVersion "1"]
[SourceVersionDate "2021.10.06"]
[SourceQuality "1"]
[WhiteTeam "Muenchen Suedost SK U20 II"]
[BlackTeam "Unterhaching U20"]
[WhiteTeamCountry "GER"]
[BlackTeamCountry "GER"]

1. e4 e5 2. Nf3 Nc6 3. Bc4 Bc5 4. c3 Nf6 5. d4 exd4 6. cxd4 Bb4+ 7. Nc3 Nxe4 8. 0-0 Nxc3 9. bxc3 Be7 10. Re1 d5 11. Bb5 0-0 12. Bxc6 bxc6 13. Qe2 Be6 14. Ne5 Qe8 15. Nxf7 Qxf7 16. Qxe6 Kh8 17. Qxf7 Rxf7 18. Bf4 Ba3 19. Bg3 Bb2 20. Rab1 Bxc3 21. Rec1 Bxd4 22. Rxc6 Bb6 23. Rd1 Rd8 24. Kf1 Rf6 25. Rdc1 Rxc6 26. Rxc6 Re8 27. f3 d4 28. Bf2 d3 29. Rc3 d2 30. Rd3 Ba5 31. Be3 c6 32. Bxd2 Rd8 33. Rxd8+ Bxd8 34. Ke2 Kg8 35. Kd3 Kf7 36. Be3 Bb6 37. a4 Ke6 38. Bxb6 axb6 39. Kd4 Kf5 40. Ke3 Ke5 41. f4+ Kf5 42. h3 h5 43. Kf3 g6 44. g4+ Ke6 45. gxh5 gxh5 46. Ke4 h4 47. f5+ Kf6 48. Kf4 c5 49. Ke4 Ke7 1/2-1/2

[Event "Landesliga U20 Sued 1415"]
[Site "Bayern"]
[Date "2014.12.13"]
[Round "2.4"]
[White "Kukulina, Sonja"]
[Black "Pils, Markus"]
[Result "1-0"]
[WhiteElo "1521"]
[BlackElo "1656"]
[PlyCount "107"]
[EventDate "2014.11.15"]
[EventType "team-tourn"]
[EventRounds "7"]
[EventCountry "GER"]
[SourceTitle "EXT 2022"]
[Source "ChessBase"]
[SourceDate "2021.10.06"]
[SourceVersion "1"]
[SourceVersionDate "2021.10.06"]
[SourceQuality "1"]
[WhiteTeam "Muenchen Suedost SK U20 II"]
[BlackTeam "Weilheim U20"]
[WhiteTeamCountry "GER"]
[BlackTeamCountry "GER"]

1. e4 e5 2. Nf3 Nc6 3. Bc4 Bc5 4. c3 d6 5. d4 exd4 6. cxd4 Bb4+ 7. Nc3 Nf6 8. 0-0 0-0 9. a3 Bxc3 10. bxc3 h6 11. Re1 d5 12. Bd3 dxe4 13. Bxe4 Nxe4 14. Rxe4 Qd5 15. Qe2 Qb3 16. Bb2 Bf5 17. Re3 Bg4 18. c4 Qa4 19. h3 Bh5 20. Qd3 Bg6 21. Qc3 f6 22. Nh4 Qc2 23. Rg3 Qxc3 24. Bxc3 Bh7 25. Re1 Kf7 26. d5 Ne7 27. Bb4 Rfe8 28. Bxe7 g5 29. Rge3 gxh4 30. Re6 Bg8 31. Bxf6 Rxe6 32. Rxe6 Kg6 33. Bxh4+ Bxe6 34. dxe6 a5 35. e7 Kf7 36. f4 Ra6 37. f5 Rc6 38. f6 Rxc4 39. Bg3 c6 40. Be5 Re4 41. Bc3 a4 42. Kf2 Rc4 43. Be5 b6 44. Kf3 h5 45. g4 hxg4+ 46. hxg4 Rc5 47. Kf4 Rc4+ 48. Kf5 Rc1 49. g5 Rg1 50. g6+ Ke8 51. f7+ Kxe7 52. Bd6+ Kd7 53. f8Q Rf1+ 54. Bf4 1-0

[Event "Landesliga Sued 1213 U20"]
[Site "Bayern"]
[Date "2013.03.02"]
[Round "6.4"]
[White "Kukulina, Sonja"]
[Black "Thanner, Nuria"]
[Result "1-0"]
[WhiteElo "1142"]
[BlackElo "803"]
[PlyCount "45"]
[EventDate "2012.10.20"]
[EventType "team-tourn"]
[EventRounds "7"]
[EventCountry "GER"]
[SourceTitle "EXT 2020"]
[Source "ChessBase"]
[SourceDate "2019.10.17"]
[SourceVersion "1"]
[SourceVersionDate "2019.10.17"]
[SourceQuality "1"]
[WhiteTeam "Muenchen Suedost U20 II"]
[BlackTeam "Ortenburg U20"]
[WhiteTeamCountry "GER"]
[BlackTeamCountry "GER"]

1. e4 e5 2. Nf3 Nc6 3. Bc4 Nf6 4. Ng5 Qe7 5. Bxf7+ Kd8 6. Bc4 Ke8 7. 0-0 d6 8. c3 h6 9. Nf3 Bg4 10. h3 Be6 11. Bxe6 Qxe6 12. d4 exd4 13. cxd4 d5 14. exd5 Nxd5 15. Re1 Ne5 16. Rxe5 Qe7 17. Rxe7+ Bxe7 18. Ne5 Rg8 19. Qh5+ Kd8 20. Nf7+ Kd7 21. Qxd5+ Ke8 22. Ne5 Rf8 23. Qd7# 1-0

[Event "GER-ch U10"]
[Site "Oberhof"]
[Date "2012.05.29"]
[Round "6"]
[White "Kukulina, Sonja"]
[Black "Schmiederer, Luisa"]
[Result "1-0"]
[WhiteElo "948"]
[BlackElo "850"]
[PlyCount "143"]
[EventDate "2012.05.27"]
[EventType "swiss"]
[EventRounds "11"]
[EventCountry "GER"]
[SourceTitle "CBM 148 Extra"]
[Source "ChessBase"]
[SourceDate "2012.06.22"]
[SourceVersion "1"]
[SourceVersionDate "2012.06.22"]
[SourceQuality "1"]

1. c4 e5 2. Nc3 Nf6 3. g3 d6 4. Bg2 c6 5. e3 Be7 6. Nge2 Nbd7 7. 0-0 0-0 8. Rb1 Ng4 9. f3 Ngf6 10. b4 d5 11. Qb3 Nb6 12. c5 Nbd7 13. d4 b6 14. cxb6 axb6 15. Rf2 exd4 16. Nxd4 Ne5 17. Re2 Bb7 18. a4 c5 19. bxc5 Bxc5 20. Ba3 Nd3 21. Rd2 Bxa3 22. Rxd3 Bc5 23. Nde2 Bc8 24. Nxd5 Be6 25. Nxf6+ Qxf6 26. Qc3 Bf5 27. Qxf6 gxf6 28. Rdd1 Bxb1 29. Rxb1 Rxa4 30. Rd1 Ra2 31. Nf4 Bxe3+ 32. Kh1 Kg7 33. h3 Rc8 34. Nd3 Rcc2 35. Nb4 Rxg2 36. Nxa2 Rxa2 37. Re1 Bd4 38. Rd1 Bc5 39. Re1 Rc2 40. Rd1 b5 41. Rb1 b4 42. Rb3 Kf8 43. f4 Rc3 44. Rb2 Ke7 45. Re2+ Kd6 46. Rd2+ Kc6 47. Rb2 Kb5 48. Kg2 Kc4 49. Kf1 b3 50. Ke1 Rc2 51. Rb1 Kc3 52. Kd1 b2 53. f5 Rd2+ 54. Ke1 Kc2 55. Rxb2+ Kd3 56. Rxd2+ Ke3 57. Rd7 Bb4+ 58. Kf1 Kf3 59. Rxf7 h5 60. Rxf6 Kxg3 61. Rg6+ Kxh3 62. Kf2 h4 63. Kf3 Kh2 64. f6 h3 65. Rg8 Kh1 66. Rc8 Be1 67. Rc1 Kg1 68. Rxe1+ Kh2 69. Re2+ Kh1 70. f7 Kg1 71. f8Q h2 72. Re1# 1-0